|
|
|
|
| LEADER |
00000nam0a2200000 4500 |
| 001 |
154824 |
| 005 |
20231101221807.0 |
| 010 |
|
|
|a 9785160032528
|
| 035 |
|
|
|a (RuTPU)RU\TPU\book\167923
|
| 035 |
|
|
|a RU\TPU\book\138055
|
| 090 |
|
|
|a 154824
|
| 100 |
|
|
|a 20090305d2009 m y0rusy50 ca
|
| 101 |
0 |
|
|a rus
|
| 102 |
|
|
|a RU
|
| 105 |
|
|
|a y j 001zy
|
| 200 |
1 |
|
|a Предпринимательство
|e учебник
|f М. Г. Лапуста
|
| 210 |
|
|
|a Москва
|c Инфра-М
|d 2009
|
| 215 |
|
|
|a 608 с.
|
| 225 |
1 |
|
|a Высшее образование
|
| 320 |
|
|
|a Библиогр.: с. 600-601.
|
| 330 |
|
|
|a В учебнике характеризуются сущность предпринимательства, его виды, типы, свойства и функции, субъекты предпринимательской деятельности, организационно-правовые формы, предпринимательская среда. Излагается механизм создания собственного дела, бизнес-планирования, рассказывается о видах предпринимательского риска, предпринимательской тайне и культуре предпринимательства, о системе налогообложения и ответственности предпринимателей, прекращении их деятельности и рассмотрении экономических споров. Книга предназначена студентам вузов, аспирантам, преподавателям, слушателям школ бизнеса, руководителям коммерческих организаций, индивидуальным предпринимателям, всем читателям, решившим организовать свой предпринимательский бизнес.
|
| 451 |
|
1 |
|0 (RuTPU)RU\TPU\book\138055
|y 978-5-16-003252-8
|t Предпринимательство
|o учебник
|f М. Г. Лапуста
|c М.
|n Инфра-М
|d 2008
|p 608 с.
|s Высшее образование
|a Лапуста, Михаил Григорьевич
|
| 606 |
1 |
|
|a Предпринимательство
|x Теория
|2 stltpush
|3 (RuTPU)RU\TPU\subj\36673
|9 57969
|
| 610 |
1 |
|
|a экономика
|
| 610 |
1 |
|
|a экономическая теория
|
| 610 |
1 |
|
|a предпринимательская деятельность
|
| 610 |
1 |
|
|a индивидуальное предпринимательство
|
| 610 |
1 |
|
|a хозяйственные товарищества
|
| 610 |
1 |
|
|a общества
|
| 610 |
1 |
|
|a ассоциации
|
| 610 |
1 |
|
|a малое предпринимательство
|
| 610 |
1 |
|
|a собственное дело
|
| 610 |
1 |
|
|a бизнес-планирование
|
| 610 |
1 |
|
|a финансирование
|
| 610 |
1 |
|
|a трудовые отношения
|
| 610 |
1 |
|
|a договорные отношения
|
| 610 |
1 |
|
|a налогообложение
|
| 610 |
1 |
|
|a налоговые режимы
|
| 610 |
1 |
|
|a этика
|
| 610 |
1 |
|
|a риски
|
| 610 |
1 |
|
|a ответственность
|
| 610 |
1 |
|
|a ликвидация
|
| 610 |
1 |
|
|a реорганизация
|
| 610 |
1 |
|
|a учебники
|
| 686 |
|
|
|a У012.12я73
|v LBC/SL-A
|2 rubbk
|
| 700 |
|
1 |
|a Лапуста
|b М. Г.
|g Михаил Григорьевич
|
| 801 |
|
1 |
|a RU
|b 63413507
|c 20060825
|g PSBO
|
| 801 |
|
2 |
|a RU
|b 63413507
|c 20160113
|g PSBO
|
| 900 |
|
|
|a Экономика
|
| 900 |
|
|
|a Предпринимательство
|
| 900 |
|
|
|a Коммерция
|
| 900 |
|
|
|a Бизнес-планирование
|
| 900 |
|
|
|a Опыт предпринимательской деятельности
|
| 942 |
|
|
|c BK
|
| 952 |
|
|
|b 080500
|a 521500
|
| 959 |
|
|
|a 111/20081114
|d 1
|e 229,90
|f АНЛ:1
|